सती / (Record no. 198002)
[ view plain ]
| 000 -LEADER | |
|---|---|
| fixed length control field | 00689nam a22001697a 4500 |
| 005 - DATE AND TIME OF LATEST TRANSACTION | |
| control field | 20230912113907.0 |
| 010 ## - LCCN (DPL NO) | |
| LC control number | HIN-125899 |
| 020 ## - INTERNATIONAL STANDARD BOOK NUMBER | |
| International Standard Book Number | 97881901839200 |
| Terms of availability | 175.00 |
| 035 ## - SYSTEM CONTROL NUMBER | |
| System control number | HN-98245 |
| 082 ## - DEWEY DECIMAL CLASSIFICATION NUMBER | |
| Classification number | उ |
| 100 ## - MAIN ENTRY--PERSONAL NAME | |
| Personal name | देवी, महाश्वेता |
| 245 ## - TITLE STATEMENT | |
| Title | सती / |
| Statement of responsibility, etc | महाश्वेता देवी |
| 260 ## - PUBLICATION, DISTRIBUTION, ETC. (IMPRINT) | |
| Place of publication, distribution, etc | नई दिल्ली |
| Name of publisher, distributor, etc | सुभाष चन्द्र एंड संस |
| Date of publication, distribution, etc | 2021 |
| 270 ## - ADDRESS | |
| Address | WZ-841 मोहल्ला बडियाल बता चौक पालम गाँव |
| City | दिल्ली |
| Postal code | 110045 |
| 300 ## - PHYSICAL DESCRIPTION | |
| Extent | 112p |
| Dimensions | 22 cm(सजिल्द) |
| Other physical details | Index |
| 942 ## - ADDED ENTRY ELEMENTS (KOHA) | |
| Source of classification or shelving scheme | Dewey Decimal Classification |
| Item type | Hindi Books |
| Classification part | उ |
| Call number suffix | देवीम |
| Withdrawn status | Lost status | Not for loan | Collection code | Home library | Current library | Date acquired | Source of acquisition | Cost, normal purchase price | Full call number | Barcode | Copy number | Cost, replacement price | Koha item type |
|---|---|---|---|---|---|---|---|---|---|---|---|---|---|
| Fiction | Central Jail Tihar | Central Jail Tihar | 12/09/2023 | DBAD/PUB | 175.00 | उ देवीम | HN-98245 | 1 | 175.00 | Hindi Books |
